Statistics for Yamanote Line Stations, Tokyo, Japan - Anti-Clockwise Order

Click here to take the quiz!

General Stats

  • This quiz has been taken 46 times
  • The average score is 27 of 30

Answers on the Map

Answers color-coded by a green-red scale on the quiz's map according to % correct below.
 

Answer Stats

Answer% Correct
Tokyo
100%
Ueno
100%
Harajuku
97%
Ikebukuro
97%
Shinjuku
97%
Akihabara
94%
Nippori
94%
Shibuya
94%
Ebisu
91%
Kanda
91%
Meguro
91%
Nishi-Nippori
91%
Okachimachi
91%
Otsuka
91%
Takadanobaba
91%
Komagome
89%
Mejiro
89%
Shinagawa
89%
Sugamo
89%
Tabata
89%
Uguisudani
89%
Yoyogi
89%
Shin-Okubo
86%
Takanawa Gateway
86%
Gotanda
83%
Osaki
83%
Shinbashi
83%
Tamachi
83%
Yurakucho
83%
Hamamatsu-cho
80%

Score Distribution

Percentile by Number Answered

Percent of People with Each Score

Your Score History

You have not taken this quiz